| 000 | 00503nam a22001695i 4500 | ||
|---|---|---|---|
| 001 | 48456 | ||
| 003 | ES-MaACL | ||
| 007 | t| | ||
| 008 | 950719s1891 it ||||1| fre d | ||
| 040 |
_aCAM _bspa _cCAM |
||
| 100 | 1 |
_aDe Gubernatis, Angelo. _943054 |
|
| 245 | 1 | 0 |
_aDiccionaire international des écrivains du jour / _cA. de Gubernatis. |
| 260 |
_aFlorence : _bLouis Niccolai, _c1891. |
||
| 300 |
_a3 v. ; _c27 cm. |
||
| 650 | 1 | 4 |
_aEscritores- _yS.XIX- _xBiografías. _912380 |
| 852 |
_aES-MaACL _jC-793-5 |
||
| 999 |
_c48456 _d48456 |
||